Les pays d'origine des résidents en Allemagne - Statistiques

Statistiques générales
  • Ce quiz a été pris 151 fois
  • Le résultat moyen est 21 sur 30
Statistiques - réponses
Rang Pays d'origine Population arrondie % Correct
25 France 121 000
98%
2 Turquie 1 339 000
93%
1 Pologne 1 638 000
91%
3 Russie 1 339 000
89%
7 Italie 522 000
88%
26 Pays-Bas 121 000
88%
20 Espagne 138 000
86%
28 Etats-Unis 114 000
86%
16 Autriche 207 000
85%
24 Maroc 128 000
84%
19 Chine 143 000
82%
29 Royaume-Uni 112 000
82%
30 Portugal 109 000
81%
21 Tchéquie 135 000
75%
10 Grèce 294 000
74%
23 Inde 130 000
74%
12 Ukraine 264 000
74%
6 Syrie 721 000
70%
5 Roumanie 813 000
68%
13 Irak 245 000
67%
15 Serbie 223 000
66%
11 Bulgarie 269 000
64%
17 Hongrie 200 000
64%
18 Iran 187 000
64%
9 Croatie 297 000
63%
14 Afghanistan 233 000
53%
8 Bosnie-Herzégovine 304 000
51%
27 Vietnam 116 000
41%
4 Kazakhstan 926 000
31%
21 Macédoine 136 000
18%
Aucun quiz correspondant
Distribution des résultats
% des personnes avec chaque résultat
Percentile par nombre de réponses
Votre historique - résultats
Vous n’avez pas pris ce quiz